| 000 | 00626nam a2200229Ia 4500 | ||
|---|---|---|---|
| 003 | OSt | ||
| 005 | 20220923224150.0 | ||
| 006 | a|||||r|||| 00| 0 | ||
| 007 | ta | ||
| 008 | Pun | ||
| 024 | _a226,900 | ||
| 037 | _cTextual | ||
| 040 |
_aARTS _cARTS _bPun |
||
| 041 |
_2Pun _aPun |
||
| 082 | _aQ8441:33x, 153P4-;1 | ||
| 100 | _aਅਨੂਪ ਸਿੰਘ | ||
| 245 | 0 | _aਨਾਨਕਵਾਦ | |
| 260 |
_aਪਟਿਆਲਾ _b ਪ੍ਰੇਰਨਾ ਪ੍ਰਕਾFਨ _c2004 |
||
| 300 |
_a176ਪੰ _ccm. |
||
| 942 |
_hQ8441:33x, 153P4-;1 _cTEXL _2CC |
||
| 999 |
_c369663 _d369663 |
||